000 01257cam a2200205 4500
001 8533
005 20181127190159.0
008 121219s2011 ii b 001 0 eng
020 _a019807736X
020 _a9780198077367
100 1 _aSikdar, Soumyen.
245 1 0 _aPrinciples of macroeconomics /
_cSoumyen Sikdar.
250 _a2nd ed.
260 _aNew Delhi :
_bOxford University Press,
_c2011.
300 _avii, 203 p. ;
_c25 cm.
504 _aIncludes bibliographical references (p. [195]-196) and index.
505 _aCONTENTS : . Introduction ; 2. Measuring the Economy's Performance ; 3. Theory of Income Determination ; 4. Money, Interest, and Income ; 5. Fiscal and Monetary Policy ; 6. The Banking System, Supply of Money, and the Conduct of Monetary Policy ; 7. Opening up the Economy ; 8. Determination of the Aggregate Price Level ; 9. The Problem of Inflation ; 10. Economic Growth ; 11. Special Topics ; GLOSSARY ; REFERENCES ; INDEX
_g
_r
_t
520 _aThis book provides a lucid and concise introduction to the theoretical and practical aspects of macroeconomics. With India-centric examples, data, and case studies, it provides an overview of economic policies crucial to growth and development.
650 0 _aMacroeconomics.
999 _c7387
_d7387